| 000 | 00637nam a2200205Ia 4500 | ||
|---|---|---|---|
| 003 | GCL | ||
| 008 | 140319s9999 xx 000 0 ara d | ||
| 040 |
_aGCL / _cGCL |
||
| 082 | 0 | 4 |
_a155.418 _bس ا |
| 100 | 1 | _aيوسف ميخائيل اسعد | |
| 245 | 1 | 0 |
_aالاعتكاف عودة الى الذات / _cيوسف ميخائيل اسعد |
| 700 | 1 | _aستور، انطونى | |
| 300 | _a208 | ||
| 490 |
_aكتاب _v0 |
||
| 650 | 0 | 4 | _aالبيئة والانسان |
| 650 | 0 | 4 | _aعلم النفس الاجتماعى |
| 650 | 0 | 4 | _aالتكيف الاجتماعى |
| 650 | 0 | 4 | _aعلم النفس الادارى |
| 942 |
_2ddc _cBK |
||
| 999 |
_c42893 _d42893 |
||